Online
Catalog

Sistematización de la experiencia : (Record no. 47317)

MARC details
000 -CABECERA
campo de control de longitud fija 00615nam a2200169 a 4500
001 - NÚMERO DE CONTROL
campo de control 000047829
005 - FECHA Y HORA DE LA ÚLTIMA TRANSACCIÓN
campo de control 20201002060748.0
008 - DATOS DE LONGITUD FIJA--INFORMACIÓN GENERAL
campo de control de longitud fija 180827s2004 dr c 000 0 spa d
040 ## - FUENTE DE LA CATALOGACIÓN
Centro catalogador/agencia de origen DO-SdBNP
Lengua de catalogación spa
Centro/agencia transcriptor BNPHU
082 ## - NÚMERO DE LA CLASIFICACIÓN DECIMAL DEWEY
Número de clasificación xxx
Número de documento/Ítem xxxx
100 1# - ENTRADA PRINCIPAL--NOMBRE DE PERSONA
Nombre de persona Ruiz, Remedios (Aleph)
9 (RLIN) 75402
245 10 - MENCIÓN DE TÍTULO
Título Sistematización de la experiencia :
Resto del título planificacion urbana participativa La Ciénega y Los Guandules /
Mención de responsabilidad, etc. Remedios Ruiz ; fotografías Alexis Peña.
260 ## - PUBLICACIÓN, DISTRIBUCIÓN, ETC.
Lugar de publicación, distribución, etc. Santo Domingo, :
Nombre del editor, distribuidor, etc. Ciudad alternativa,
Fecha de publicación, distribución, etc. 2004.
300 ## - DESCRIPCIÓN FÍSICA
Extensión 89 p. :
Otras características físicas retrs. ;
Dimensiones 28 cm.
590 ## - NOTA LOCAL (RLIN)
Nota local Inventariado, 2018/ YL
700 1# - PUNTO DE ACCESO ADICIONAL--NOMBRE DE PERSONA
Nombre de persona Peña, Alexis
Término indicativo de función/relación fot.
9 (RLIN) 5700
Holdings
Estado de retiro Estado de pérdida No para préstamo Código de colección Localización permanente Ubicación/localización actual Ubicación en estantería Fecha de adquisición Número de inventario Total de préstamos Signatura topográfica completa Código de barras Fecha visto por última vez Precio válido a partir de Tipo de ítem Koha Restricciones de uso
    Excluido de préstamo Patrimonio Dominicano Patrimonio Dominicano Patrimonio Dominicano En catalogación 27.08.2018 LF1   xxx xxxx 47829-10 25.06.2020 25.06.2020 Libro y Folleto Colección Patrimonio Dominicano  
    Excluido de préstamo Raros y valiosos Patrimonio Dominicano Patrimonio Dominicano Depósito 28.08.2018 LF1   xxx xxxx 47830-10 25.06.2020 25.06.2020 No se presta  

Powered by Koha